Las elecciones de 1933 en el pas̕ Vasco y Navarra

Bibliographic Details
Main Author: Villa Garca̕, Roberto
Format: Unknown
Language:Spanish
Published: Madrid : Dykinson, 2007
Subjects:
Online Access:Acceso restringido

MARC

LEADER 00000ny a22000003n 4500
005 20110617144236.0
006 m u
007 cr cn|||||||||
008 200807r2007 sp |||||s|||||||||||spa d
020 |a 9788498491159 
035 |a 2453 
040 |a FlNmELB  |c FlNmELB  |d vlex 
050 1 4 |a JF1001  |b V712 2007eb 
080 |a 324(460.16) 
090 |c 1392  |d 1392 
100 1 |a Villa Garca̕, Roberto 
245 1 4 |a Las elecciones de 1933 en el pas̕ Vasco y Navarra  |h [Recurso electrn̤ico]  |c Roberto Villa Garca̕ 
256 |a Servicio en ln̕ea 
260 |a Madrid :  |b Dykinson,  |c 2007 
300 |a 8-273 p 
506 1 |a Contenido solo disponible en los productos indicados  |d vLex Global  |d vLex Global (Academic Edition, excluding Law Schools)  |d vLex Global (U.S. Academic Edition, Law Schools)  |d vLex Global (U.S. Academic Edition, excluding Law Schools)  |d vLex Global (Academic Edition, Law Schools) 
650 0 7 |a Constitucional  |2 Tesauro vLex 
650 0 7 |a Elecciones  |2 Tesauro vLex 
650 0 7 |a Derecho foral de Navarra  |2 Tesauro vLex 
650 0 7 |a Derecho foral  |2 Tesauro vLex 
740 0 |a vLex Libros (Servicios en ln̕ea) 
856 4 0 |u http://vlex.com/source/2453  |z Acceso restringido 
942 |c BOOK